5 najludniejszych miast w Polsce - Statystyki

Ogólne statystyki
  • Ten quiz został rozwiązany 49 razy
  • Średni wynik to 5 z 5
Statystyki odpowiedzi
Hint Odpowiedź % Poprawnych
1 Warszawa
100%
3 Wrocław
98%
2 Kraków
96%
4 Łódź
96%
5 Poznań
91%
Nie znaleziono quizów pasujących do podanych kryteriów
Rozkład punktacji
Procent ludzi z każdym wynikiem
Percentyl według liczby udzielonych odpowiedzi
Twoja historia wyników
Nie rozwiązałeś tego quizu